Statistics for 2023 NASCAR Cup Series Drivers

Click here to take the quiz!

General Stats

  • This quiz has been taken 11 times
  • The average score is 38 of 43

Answer Stats

#TeamAnswer% Correct
48Hendrick MotorsportsAlex Bowman
100%
2Team PenskeAustin Cindric
100%
3Richard Childress RacingAustin Dillon
100%
6R.F.K. RacingBrad Keselowski
100%
2323XI RacingBubba Wallace
100%
20Joe Gibbs RacingChristopher Bell
100%
99Team TrackhouseDaniel Suarez
100%
43Legacy Motor ClubErik Jones
100%
84*Legacy Motor ClubJimmie Johnson
100%
8Richard Childress RacingKyle Busch
100%
5Hendrick MotorsportsKyle Larson
100%
19Joe Gibbs RacingMartin Truex Jr
100%
47JTG Daughtery RacingRicky Stenhouse Jr
100%
1Team TrackhouseRoss Chastain
100%
12Team PenskeRyan Blaney
100%
91*Team TrackhouseShane van Gisbergen
100%
77Spire MotorsportsTy Dillon
100%
54Joe Gibbs RacingTy Gibbs
100%
4523XI RacingTyler Reddick
100%
24Hendrick MotorsportsWilliam Byron
100%
16Kaulig RacingAJ Allmendinger
89%
17R.F.K. RacingChris Buescher
89%
7Spire MotorsportsCorey LaJoie
89%
11Joe Gibbs RacingDenny Hamlin
89%
21Wood Brothers RacingHarrison Burton
89%
22Team PenskeJoey Logano
89%
4Stewart-Haas RacingKevin Harvick
89%
41Stewart-Haas RacingRyan Preece
89%
38Front Row MotorsportsTodd Gilliland
89%
10Stewart-Haas RacingAric Almirola
78%
78Live Fast MotorsportsBJ McLeod
78%
13*Kaulig RacingChandler Smith
78%
14Stewart-Haas RacingChase Briscoe
78%
9Hendrick MotorsportsChase Elliott
78%
51Rick Ware RacingCody Ware
78%
15*Rick Ware RacingJJ Yeley
78%
31Kaulig RacingJustin Haley
78%
34Front Row MotorsportsMichael McDowell
78%
42Legacy Motor ClubNoah Gragson
78%
62*Beard-Oil MotorsportsAustin Hill
67%
42*Legacy Motor ClubCarson Hocevar
56%
15*Rick Ware RacingJenson Button
56%
51*Rick Ware RacingRyan Newman
56%

Score Distribution

Percentile by Number Answered

Percent of People with Each Score

Your Score History

You have not taken this quiz